The State in India, 1000-1700 / (Record no. 1848278)

MARC details
000 -LEADER
fixed length control field 00857nam a2200241 a 4500
003 - CONTROL NUMBER IDENTIFIER
control field OSt
005 - DATE AND TIME OF LATEST TRANSACTION
control field 20260416111147.0
008 - FIXED-LENGTH DATA ELEMENTS--GENERAL INFORMATION
fixed length control field 951221s1995 ii b 000 0 eng
020 ## - INTERNATIONAL STANDARD BOOK NUMBER
International Standard Book Number 9780195642674
040 ## - CATALOGING SOURCE
Transcribing agency HDL
Language of cataloging eng
082 ## - DEWEY DECIMAL CLASSIFICATION NUMBER
Classification number 954.035 N5
245 04 - TITLE STATEMENT
Title The State in India, 1000-1700 /
Statement of responsibility, etc. edited by Hermann Kulke.
260 ## - PUBLICATION, DISTRIBUTION, ETC.
Place of publication, distribution, etc. Delhi ;
Name of publisher, distributor, etc. Oxford University Press,
Date of publication, distribution, etc. 1995.
300 ## - PHYSICAL DESCRIPTION
Extent x, 367 p. ;
Dimensions 23 cm.
440 #0 - SERIES STATEMENT/ADDED ENTRY--TITLE
Title Oxford in India readings.
Name of part/section of a work Themes in Indian history
9 (RLIN) 1234930
651 #0 - SUBJECT ADDED ENTRY--GEOGRAPHIC NAME
Geographic name India
General subdivision Politics and government
Chronological subdivision 997-1765.
9 (RLIN) 811587
700 1# - ADDED ENTRY--PERSONAL NAME
Personal name Kulke, Hermann.
9 (RLIN) 982582
906 ## - LOCAL DATA ELEMENT F, LDF (RLIN)
a 7
b cbc
c origode
d 2
e ncip
f 19
g y-gencatlg
942 ## - ADDED ENTRY ELEMENTS (KOHA)
Source of classification or shelving scheme Colon Classification (CC)
Koha item type Textual
Suppress in OPAC No
Holdings
Withdrawn status Lost status Source of classification or shelving scheme Damaged status Not for loan Home library Current library Date acquired Total Checkouts Date last seen Price effective from Koha item type
    Colon Classification (CC)     Department of History Library Department of History Library 2026-04-16   2026-04-16 2026-04-16 Textual
    Colon Classification (CC)     Department of History Library Department of History Library 2026-04-16   2026-04-16 2026-04-16 Textual
Copyright @ Delhi University Library System